| 000 | 01567cam a22004094i 4500 | ||
|---|---|---|---|
| 003 | PE-LiUPU | ||
| 005 | 20250731183347.0 | ||
| 008 | 040726s2004 it a rb 001 0 ita d | ||
| 020 | _a8837022743 | ||
| 020 | _a9788837022747 | ||
| 035 | _a(Sirsi) i9788837022747 | ||
| 040 |
_aC3L _beng _cC3L _dOCLCQ _dOCLCO _dOCLCQ _dPE-LiUPU _erda |
||
| 082 | 1 | 4 |
_a724.6 _bB22 _221 |
| 100 | 1 |
_aBanham, Reyner, _d1922-1988, _eautor. |
|
| 245 | 1 | 0 |
_aArchitettura della seconda età della macchina : _bscritti 1955-1988 / _cReyner Banham ; a cura di Marco Biraghi. |
| 264 |
_aMilano, Italia : _bElecta, _c2004. |
||
| 300 |
_a309 páginas : _bilustraciones ; _c24. |
||
| 336 |
_atext _2rdacontent |
||
| 337 |
_aunmediated _2rdamedia |
||
| 338 |
_avolume _2rdacarrier |
||
| 490 | 0 |
_aArchitetti e architetture ; _v13 |
|
| 504 | _aÍndice: páginas 209-312 | ||
| 504 | _aÍndices: páginas 309-312. | ||
| 526 | _aP158 | ||
| 526 | _aP146 | ||
| 526 | _aP17 | ||
| 526 | _aP12 | ||
| 526 | _aP06 | ||
| 541 | _g003-001195; | ||
| 650 | 1 | 4 |
_aArquitectura moderna _ySiglo XX. |
| 910 |
_ajck _bebj _cebj _d20160624 |
||
| 942 |
_2ddc _cBOOK |
||
| 949 |
_a724.6 B22 _wDEWEY _c1 _i73782 _lCCODEBUL1 _mBUL _p30.18 _r0 _sY _tBOOK _u2016-6-24 _xINGENIERIA _PP06 _0COMPRA _o.STAFF. Colección General |
||
| 994 |
_aC0 _bPEPRU |
||
| 596 | _a1 | ||
| 999 |
_a724.6 B22 _wDEWEY _c10152 _i73782 _f2021-11-9 _g7 _lCCODEBUL1 _mBUL _p30.18 _r0 _sY _tBOOK _u2016-6-24 _xINGENIERIA _PP06 _0COMPRA _o.STAFF. Colección General _d10152 |
||
| 980 |
_81 _gALBERTO SANCHEZ Responsable de Automatización |
||